Creating the human past : an epistemology of pleistocene archaeology /
This text examines systematically both the theoretical and practical issues that have characterized the discipline over the past two centuries. Some of the historically most consequential mistakes in archaeology are dissected and explained, together with the effects of the related controversies. The...
المؤلف الرئيسي:
التنسيق: كتاب الكتروني
اللغة: English
منشور في:
Oxford :
Archaeopress,
[2013]
الموضوعات:
الوصول للمادة أونلاين: Login to view Source
الوسوم: إضافة وسم
رقم الطلب: GN771
| LEADER | 02112nam a2200397 i 4500 | ||
|---|---|---|---|
| 001 | EDZ0001356836 | ||
| 003 | StDuBDS | ||
| 005 | 20230412181510.0 | ||
| 006 | m|||||o||d|||||||| | ||
| 007 | cr ||||||||||| | ||
| 008 | 151105t20132013enka fob 001|0|eng|d | ||
| 020 | |a 9781784910730 (PDF ebook) : |c No price | ||
| 040 | |a StDuBDS |b eng |c StDuBDS |e rda |e pn | ||
| 050 | 4 | |a GN771 | |
| 082 | 0 | 4 | |a 930.12 |2 23 |
| 100 | 1 | |a Bednarik, Robert G., |e author. | |
| 245 | 1 | 0 | |a Creating the human past : |b an epistemology of pleistocene archaeology / |c Robert G. Bednarik. |
| 264 | 1 | |a Oxford : |b Archaeopress, |c [2013] | |
| 264 | 4 | |c ©2013 | |
| 300 | |a 1 online resource : |b illustrations (black and white, and colour) | ||
| 336 | |a text |2 rdacontent | ||
| 336 | |a still image |2 rdacontent | ||
| 337 | |a computer |2 rdamedia | ||
| 338 | |a online resource |2 rdacarrier | ||
| 504 | |a Includes bibliographical references and index. | ||
| 520 | 8 | |a This text examines systematically both the theoretical and practical issues that have characterized the discipline over the past two centuries. Some of the historically most consequential mistakes in archaeology are dissected and explained, together with the effects of the related controversies. The theoretical basis of the discipline is deliberated in some detail, leading to the diagnosis that there are in fact numerous archaeologies, all with different notions of commensurability, ideologies, and purposes. Their various perspectives of what archaeology is and does are considered and the range of views of the human past is illuminated in this book. | |
| 521 | |a Specialized. | ||
| 588 | |a Description based on online resource; title from home page (viewed on March 16, 2016). | ||
| 650 | 0 | |a Paleolithic period. | |
| 650 | 0 | |a Archaeology. | |
| 650 | 0 | |a Paleontology |y Pleistocene. | |
| 776 | 0 | 8 | |i Print version : |z 9781905739639 |
| 856 | 4 | 0 | |3 Archaeopress |u http://library.arce.org:8087/Archaeopress/Products/9781905739639 |
| 942 | |2 lcc |c EBOOK | ||
| 952 | |0 0 |1 0 |4 0 |6 GN0771 |7 1 |9 46034 |a ARCH |b ARCH |d 2023-04-12 |l 0 |o GN771 |r 2023-04-12 00:00:00 |w 2023-04-12 |y EBOOK | ||
| 999 | |c 51692 |d 51692 | ||
